00273nam a2200109Ia 4500008004100000100001800041245003200059260004100091300000900132942000700141999001500148190216s9999||||xx |||||||||||||| ||und|| aJoel J Lerner 0aBook-Keeping And Accounting bPrentice Hall Of India Pvt Ltdc1978 a267p cBK c4773d4773